[Event "Sonderjysk EMT B"]
[Site "Sonderborg"]
[Date "2012.01.19"]
[Round "4"]
[White "Christiansen, Bobby"]
[Black "Asmund, Erik"]
[Result "0-1"]
[WhiteElo "1513"]
[BlackElo "1477"]
[PlyCount "34"]
[EventDate "2012.01.17"]
[EventType "tourn"]
[EventRounds "7"]
[EventCountry "DEN"]
[SourceTitle "EXT 2023"]
[Source "ChessBase"]
[SourceDate "2022.10.05"]
[SourceVersion "1"]
[SourceVersionDate "2022.10.05"]
[SourceQuality "1"]

1. e4 e5 2. Nf3 Nc6 3. Bc4 h6 4. d4 exd4 5. Nxd4 Ne5 6. Bb3 d6 7. 0-0 Nf6 8. Nc3 Be7 9. f4 Ng6 10. Nf5 Bxf5 11. exf5 Nh4 12. Qd3 Qd7 13. Ba4 c6 14. Re1 0-0 15. Nd5 Nxd5 16. Qxd5 b5 17. Rxe7 Qxe7 0-1

[Event "Sonderjysk EMT B"]
[Site "Sonderborg"]
[Date "2012.01.17"]
[Round "1"]
[White "Jansson, Sten Olof"]
[Black "Christiansen, Bobby"]
[Result "1-0"]
[WhiteElo "1645"]
[BlackElo "1513"]
[PlyCount "85"]
[EventDate "2012.01.17"]
[EventType "tourn"]
[EventRounds "7"]
[EventCountry "DEN"]
[SourceTitle "EXT 2023"]
[Source "ChessBase"]
[SourceDate "2022.10.05"]
[SourceVersion "1"]
[SourceVersionDate "2022.10.05"]
[SourceQuality "1"]

1. e4 c6 2. c4 d5 3. exd5 cxd5 4. d4 Nf6 5. Nc3 e6 6. Bg5 Be7 7. Nf3 0-0 8. Bd3 dxc4 9. Bxc4 a6 10. 0-0 b5 11. Bd3 Bb7 12. Rc1 b4 13. Ne2 Nd5 14. Bxe7 Nxe7 15. Bb1 Bxf3 16. gxf3 Nd7 17. Ng3 Nf6 18. Qd3 Ned5 19. Rc5 Nf4 20. Qd2 Ng6 21. Qxb4 Rb8 22. Qd2 Qb6 23. b3 Rfd8 24. Rfc1 Qd6 25. Rc6 Qd5 26. Be4 Nxe4 27. fxe4 Qxd4 28. Qxd4 Rxd4 29. Rxa6 Nf4 30. Rac6 h6 31. h4 Nh3+ 32. Kg2 Nf4+ 33. Kf3 e5 34. Rc8+ Rxc8 35. Rxc8+ Kh7 36. Rc3 f6 37. a4 g6 38. a5 g5 39. hxg5 fxg5 40. a6 Kg6 41. a7 h5 42. Rc6+ Kh7 43. Nxh5 1-0

[Event "Logumkloster-chD"]
[Site "Logumkloster"]
[Date "2009.05.05"]
[Round "3"]
[White "Christiansen, Bobby"]
[Black "Jessen, Morten"]
[Result "1-0"]
[WhiteElo "1319"]
[BlackElo "1365"]
[PlyCount "64"]
[EventDate "2009.04.21"]
[EventType "tourn"]
[EventRounds "5"]
[EventCountry "DEN"]
[SourceTitle "EXT 2023"]
[Source "ChessBase"]
[SourceDate "2022.10.05"]
[SourceVersion "1"]
[SourceVersionDate "2022.10.05"]
[SourceQuality "1"]

1. e4 c6 2. e5 g6 3. d4 Bg7 4. Nf3 f6 5. Bf4 fxe5 6. Bxe5 Nf6 7. Bd3 d6 8. Bg3 Bg4 9. Nbd2 0-0 10. c3 d5 11. Qb3 Qb6 12. Ne5 Qxb3 13. Nxb3 Bc8 14. 0-0 Nbd7 15. f4 e6 16. Rae1 Nxe5 17. fxe5 Nd7 18. Bh4 b6 19. Be7 Rxf1+ 20. Rxf1 Bf8 21. Bg5 c5 22. Bb5 c4 23. Nd2 Nb8 24. Be8 h6 25. Bf7+ Kh7 26. Bh4 g5 27. Be1 Nc6 28. Be8 Bb7 29. Rxf8 Kg7 30. Rf7+ Kg8 31. Rxb7 Rxe8 32. Rc7 Re7 1-0

[Event "Logumkloster-chD"]
[Site "Logumkloster"]
[Date "2009.04.21"]
[Round "1"]
[White "Christiansen, Bobby"]
[Black "Bergnaes, Troels"]
[Result "1-0"]
[WhiteElo "1319"]
[BlackElo "1267"]
[PlyCount "73"]
[EventDate "2009.04.21"]
[EventType "tourn"]
[EventRounds "5"]
[EventCountry "DEN"]
[SourceTitle "EXT 2023"]
[Source "ChessBase"]
[SourceDate "2022.10.05"]
[SourceVersion "1"]
[SourceVersionDate "2022.10.05"]
[SourceQuality "1"]

1. e4 e5 2. Nf3 Nc6 3. Bc4 Nge7 4. Nc3 d6 5. d3 h6 6. 0-0 Bg4 7. b4 Ng6 8. Bb5 Qd7 9. Nd5 a6 10. Bxc6 Qxc6 11. Ne3 Bh5 12. g4 Nf4 13. gxh5 g6 14. Ng2 Nh3+ 15. Kh1 gxh5 16. Ng1 Qd7 17. Qf3 Ng5 18. Bxg5 hxg5 19. Qf5 Qe7 20. Ne3 c6 21. Rae1 Bh6 22. Ne2 g4 23. Ng3 Qh4 24. Ng2 Qe7 25. f3 h4 26. Nh5 Bg5 27. fxg4 Kd8 28. Qxf7 Qxf7 29. Rxf7 Bd2 30. Ref1 Bh6 31. Nxh4 Kc8 32. g5 Bxg5 33. Ng6 Rg8 34. Rg7 Rd8 35. Rff7 Re8 36. Ne7+ Kc7 37. Rxg5 1-0

[Event "Logumkloster-ch Basis 3"]
[Site "Logumkloster"]
[Date "2008.04.29"]
[Round "3"]
[White "Beck, Kresten"]
[Black "Christiansen, Bobby"]
[Result "0-1"]
[WhiteElo "1295"]
[BlackElo "1207"]
[PlyCount "56"]
[EventDate "2008.04.15"]
[EventType "swiss"]
[EventRounds "5"]
[EventCountry "DEN"]
[SourceTitle "EXT 2023"]
[Source "ChessBase"]
[SourceDate "2022.10.05"]
[SourceVersion "1"]
[SourceVersionDate "2022.10.05"]
[SourceQuality "1"]

1. e4 c6 2. Nc3 d5 3. exd5 cxd5 4. Bb5+ Nc6 5. d3 d4 6. Ne4 Qa5+ 7. Bd2 Qxb5 8. b3 Bf5 9. Qf3 Bxe4 10. Qxe4 Nf6 11. Qf3 e6 12. Ne2 Bb4 13. c3 dxc3 14. Nxc3 Qe5+ 15. Qe3 Bxc3 16. Qxe5 Bxe5 17. Rc1 0-0 18. 0-0 Nd4 19. Rfe1 Nd7 20. Re4 Rfe8 21. Rd1 f5 22. Ree1 Bf6 23. f4 Bh4 24. Re3 Rac8 25. g3 Bf6 26. h3 Nb5 27. Ree1 Bc3 28. Bxc3 Nxc3 0-1